| 000 | 00468nam a22001937a 4500 | ||
|---|---|---|---|
| 003 | MPLRDC | ||
| 005 | 20220105061130.0 | ||
| 008 | 210129b ||||| |||| 00| 0 eng d | ||
| 020 | _a978-986-6095-92-4 | ||
| 082 | _a868.71 LHQ | ||
| 100 | _a廖宏强 | ||
| 245 |
_a我是急症人 _c |
||
| 250 | _aBOD一版 | ||
| 260 |
_a台湾 _b酿出版 _c2012 |
||
| 300 | _b平 | ||
| 520 | _a新书上架 2018-02-02。 | ||
| 650 | _a马华文学 | ||
| 942 |
_cBK _o868.71 LHQ |
||
| 999 |
_c69280 _d69270 |
||